MDQL
is popping MORE tags! Check the
thread
!
Quizzes
Events
Quiz Creation
Community
Videos
Private Events
Remove Ads
Sign In
Join for FREE
Feedback
Dark Mode
Quiz Categories
Sports
Geography
Music
Movies
Television
Just For Fun
Miscellaneous
History
Literature
Language
Science
Gaming
Entertainment
Religion
Holiday
For Kids
Quiz Lab
Recent
Popular Today
Quiz Kudos Today
Editor Picks
Curator Picks
Quizzes by...
Day
Popularity
Type
Ratings
Length
Year
Community
Subscriptions
Recent Discussions
Orange Saloon
Badges
Playlists
Quests
Create
Leaderboards
Showdown
Live 5
Trivia Bingo
Activity
Puzzle Library
Sporcle Events
Private Events
Virtual Trivia
Globe League
Become a Host
Pub Owners
SporcleCon
Opinionation
Our Games
Videos
Blog
Mobile Apps
Partnerships
Remove Ads and Go Orange
Feedback
Literature
Harry Potter
A Song of Ice and Fire
The Hunger Games
Literary Character
Shakespeare
Book
Author
Novel
Poem
Young Adult
Children's Books
Play
Lord of the Rings
Literature
Harry Potter
A Song of Ice and Fire
The Hunger Games
Literary Character
Shakespeare
Book
Author
Novel
Poem
Young Adult
Children's Books
Play
Lord of the Rings
Random Quiz
Search Sporcle
×
Quiz Lab
Quiz Lab
Literature
Young Adult
Type in answers that appear in a list
Type in answers that appear in a list
Classic
Best Score? Go Orange.
His Dark Materials Quiz Stats
Can you name the His Dark Materials Quiz?
By
wordnerdmandarin
4m
14 Questions
1,099 Plays
1,099 Plays
1,099 Plays
Comments
Comments
Give Quiz Kudos
Give Quiz Kudos
-
- Ratings
hide this ad
Replay
Link that replays current quiz
Next Quiz
Link to next quiz in quiz playlist
You Got
0%
They Got
Avg Score
43%
Avg Friend Score
Upgrade to see
Score Distribution
Jump to the score distribution portion of the page
Score
0/14
Timer
04:00
0
Plays Today
Question
Answer
% Correct
Who was an angel first-
Balthamos or Baruch?
Balthamos
93.4%
What does Iofur Rankinson want more than anything else?
A daemon
78.5%
What is the name of Lord Asriel's daemon?
Stelmaria
63.8%
What is Tony Makarios clutching instead of a daemon?
A piece of fish
61.6%
What is the name for the art of drilling holes into ones skull?
Trepanning
56.1%
What is Sir Charles's name in Lyra's world?
Lord Boreal
51.3%
If the alethiometer needle swings round twice then lands on the hourglass, what does this mean?
Death
42.9%
Question
Answer
% Correct
What is the name of Will's daemon?
Kirjava
42.1%
What does Lyra rechristen no-
name the harpy?
Gracious wings
30.6%
What is Angelica and Paolo's brother's name?
Tullio
28.8%
What is the name of the woman that Will leaves his mother with?
Mrs Cooper
27.1%
What is the name of the witch goddess of the dead?
Yambe-Akka
17%
What is the first chapter of the Amber Spyglass called?
The enchanted sleeper
12.4%
What is the name of the witch who kills Will's father?
Juta Kamainen
7.8%
Quiz Playlist
Details
Report
Send in Message
Add To Playlist
Classic:
Type in answers that appear in a list
Last Updated: Feb 16, 2017
Quiz Scoreboard
CHALLENGE
Sign Up to Join the Scoreboard
Show All
Scores
Hide
Comments
May contain spoilers
Recently Published
Find the 'City' Movie
by crazypaving
Movies
60s
5x2 Blitz: Bands
by SL_Kpop136
Music
30s
Colored Red Africa Blitz
by spor1
Geography
30s
More to Explore
Quiz From the Vault
Featured Blog Post
14 Easter Pick-up Lines to Find Eggs With
hide this ad
You Might Also Like...
Tags
Young Adult Quiz
dark
Material
Today's Top Quizzes in Literature
Browse Literature
hide this ad
Today's Top Quizzes in Young Adult
Browse Young Adult
Top Contributed Quizzes in Literature
1
Sneaky Slytherin Logic Puzzle
2
Harry Potter Slytherin Logic Puzzle
3
Get The Picture: Black or White Literature
4
Logic Puzzle: Avoid Dumbledore's Army
5
Mini Trivia Sudoku: A Song of Ice and Fire
6
A Song of Ice and Fire Logic Puzzle
7
One Thing in Common: Literature II
8
Books By Opening Lines IV
9
The Hunger Games Logic Puzzle: Find Katniss
10
Silmarillion Characters by Any 3 Letters
Explore More
Trending Topics
Crossword
Marvel
Harry Potter
NBA
Kpop
Anime
Disney
The Office
Song
Soccer
Puzzle
Country
WWE
NFL
Pokémon
hide this ad
More By:
wordnerdmandarin
Quiz
Plays
Rating
Category
Featured
Created
Harry Potter Epic Name Chain
7,316
4.42
Literature
Apr 10, 2011
Harry Potter quiz- For True HP fans only
3,271
2.70
Literature
Mar 1, 2011
First 200 words in Harry Potter 7
3,048
4.64
Literature
Mar 13, 2011
His Dark Materials Quiz
1,099
5.00
Literature
Mar 13, 2011
The Da Vinci Code code
611
3.00
Literature
Apr 8, 2011
Go to Creator's Profile
Score Distribution
Quiz Creator Spotlight
wordnerdmandarin
Follow
Send a Message
Quizzes Created
-
Created Quiz Play Count
-
More By This Creator
Popular Quizzes Today
1
Colored Red Africa Blitz
2
Find the 'City' Movie
3
Find the US States - No Outlines Minefield
4
5x2 Blitz: Bands
5
The Countries of the World
6
Find the US States
7
US States
8
Find the Countries of Europe - No Outlines Minefield
More Literature Quizzes
Death Shakespeare-style
Editor's Pick
Trending Quizzes
Colored Red Europe Blitz I
Colored Red Africa Blitz II
Colored Red Europe Blitz II
Colored Red Africa Blitz III
Colored Red Europe Blitz III
Recently Updated
How Do You Spell That?
pecheneg
Godzilla Movies
pecheneg
Grab Bag: 4-10 Letters
pecheneg
2024 March Madness Bracket
pecheneg
Famous TV Couples
Peacemaker
Champions League XIs: Real Madrid
pecheneg
Largest US Cities 1790-2010
pecheneg
Rides in Walt Disney World
pecheneg
Most Oscar Losses (Acting)
pecheneg
Beyoncé Albums
pecheneg
Trending Topics
Crossword
Harry Potter
Marvel
Disney
Kpop
Anime
NBA
Pokémon
Puzzle
WWE
Song
Soccer
The Office
Country
NFL
Your Account Isn't Verified!
In order to create a playlist on Sporcle, you need to verify the email address you used during registration. Go to your
Sporcle Settings
to finish the process.
Report this User
Report this user for behavior that violates our
Community Guidelines
.
Details:
Send Report
Go to the Sporcle.com Mobile Site →
Comments